Melentur buluh biarlah dari rebungnya : (Record no. 145035)

MARC details
000 -LEADER
fixed length control field 00683nam a2200229 i 4500
001 - CONTROL NUMBER
control field C2-0224027
003 - CONTROL NUMBER IDENTIFIER
control field PPAK
005 - DATE AND TIME OF LATEST TRANSACTION
control field 20180728152706.0
008 - FIXED-LENGTH DATA ELEMENTS--GENERAL INFORMATION
fixed length control field 000315s1996 my a|||| ||||| | may d
020 ## - INTERNATIONAL STANDARD BOOK NUMBER
International Standard Book Number 9839575473
040 ## - CATALOGING SOURCE
Original cataloging agency PPAK
Language of cataloging eng
Transcribing agency PPAK
Description conventions rda
082 04 - DEWEY DECIMAL CLASSIFICATION NUMBER
Classification number 899.233
Edition number 23
090 00 - LOCALLY ASSIGNED LC-TYPE CALL NUMBER (OCLC); LOCAL CALL NUMBER (RLIN)
Classification number (OCLC) (R) ; Classification number, CALL (RLIN) (NR) 899.233
Feature heading MEL
Feature heading K
245 00 - TITLE STATEMENT
Title Melentur buluh biarlah dari rebungnya :
Remainder of title kisah perumpamaan kanak-kanak
264 #1 - PRODUCTION, PUBLICATION, DISTRIBUTION, MANUFACTURE, AND COPYRIGHT NOTICE
Place of production, publication, distribution, manufacture Kuala Lumpur :
Name of producer, publisher, distributor, manufacturer Kumpulan Emanon ,
Date of production, publication, distribution, manufacture, or copyright notice 1996
300 ## - PHYSICAL DESCRIPTION
Extent vii, 56 pages :
Other physical details colour illustrations ;
Dimensions 30 cm
336 ## - CONTENT TYPE
Source rdacontent
Content type term text
337 ## - MEDIA TYPE
Source rdamedia
Media type term unmediated
338 ## - CARRIER TYPE
Source rdacarrier
Carrier type term volume
650 10 - SUBJECT ADDED ENTRY--TOPICAL TERM
Topical term or geographic name entry element Children's stories, Malay
942 ## - ADDED ENTRY ELEMENTS (KOHA)
-- dc
Koha item type Book
Holdings
Withdrawn Not for loan Current library Shelving location Date acquired Total Checkouts Total Renewals Full call number Barcode Date last seen Date last checked out Koha item type
    Perpustakaan Alor Setar Pinjaman Kanak-kanak 15/03/2000 3 1 K 899.233 MEL A00304752 10/06/2023 20/05/2023 Book
    Perpustakaan Awam Sungai Petani Pinjaman Kanak-kanak 15/03/2000     K 899.233 MEL A00304755 31/05/2018   Book
    Perpustakaan Awam Sungai Petani Pinjaman Kanak-kanak 15/03/2000     K 899.233 MEL A00304762 31/05/2018   Book
    Perpustakaan Awam Sungai Petani Pinjaman Kanak-kanak 15/03/2000     K 899.233 MEL A00304763 31/05/2018   Book
    Perpustakaan Bandar Baharu Pinjaman Kanak-kanak 15/03/2000 1   K 899.233 MEL A00304771 07/09/2023 24/08/2023 Book
    Perpustakaan Bandar Baharu Pinjaman Kanak-kanak 15/03/2000     K 899.233 MEL A00304772 31/05/2018   Book
    Perpustakaan Jitra Pinjaman Kanak-kanak 15/03/2000     K 899.233 MEL A00304764 31/05/2018   Book
    Perpustakaan Kulim Pinjaman Kanak-kanak 15/03/2000     K 899.233 MEL A00304768 31/05/2018   Book
    Perpustakaan Yan Pinjaman Kanak-kanak 15/03/2000 1   K 899.233 MEL A00304769 23/09/2019 19/09/2019 Book
    Perpustakaan Yan Pinjaman Kanak-kanak 15/03/2000     K 899.233 MEL A00304770 31/05/2018   Book
    Bergerak 1, Alor Setar Pinjaman Kanak-kanak 15/03/2000     K 899.233 MEL A00304774 31/05/2018   Book
    Bergerak 3, Baling Pinjaman Kanak-kanak 15/03/2000     K 899.233 MEL A00304777 31/05/2018   Book
    Bergerak 3, Baling Pinjaman Kanak-kanak 15/03/2000     K 899.233 MEL A00304778 31/05/2018   Book
    Bergerak 4, Sungai Petani Pinjaman Kanak-kanak 15/03/2000     K 899.233 MEL A00304779 31/05/2018   Book
    Bergerak 4, Sungai Petani Pinjaman Kanak-kanak 15/03/2000     K 899.233 MEL A00304780 31/05/2018   Book
    Bergerak 5, Kulim Pinjaman Kanak-kanak 15/03/2000     K 899.233 MEL A00304781 31/05/2018   Book
    Bergerak 5, Kulim Pinjaman Kanak-kanak 15/03/2000     K 899.233 MEL A00304782 31/05/2018   Book